movies by their taglines - Statistics

General Stats
  • This quiz has been taken 34 times
  • The average score is 8 of 15
Answer Stats
Tagline Year Movie % Correct
In space, no one can hear you scream. 1979 Alien
89%
Who you gonna call? 1984 Ghostbusters
89%
Houston, we have a problem. 1995 Apollo 13
81%
Just when you thought it was safe to go back in the water 1978 Jaws 2
74%
Reality is a thing of the past. 1999 The Matrix
67%
You don't get to 500 million friends without making a few enemies. 2010 The Social Network
63%
Bernie Lomax would be the perfect host, except for one small problem: He's dead. 1989 Weekend at Bernie's
56%
Some memories are best forgotten. 2000 Memento
52%
The Happiest Sound in All the World. 1965 The Sound of Music
52%
She brought a small town to its feet and a corporation to its knees. 2000 Erin Brockovich
41%
The mission is a man. 1998 Saving Private Ryan
41%
If Nancy doesn't wake up screaming, she won't wake up at all. 1984 Nightmare on Elm Street
33%
On every street in every city in this country, there is a nobody who dreams of being a somebody. 1976 Taxi Driver
33%
Life is in their hands -- Death is on their minds. 1957 12 Angry Men
30%
He loved the American Dream. With a Vengeance. 1983 Scarface
15%
No matching quizzes found
Score Distribution
Percent of People with Each Score
Percentile by Number Answered
Your Score History
You have not taken this quiz